El ojo de cristal /
Guardado en:
| Autor Principal: | |
|---|---|
| Otros Autores: | , |
| Formato: | Libro |
| Idioma: | Undetermined |
| Publicado: |
Buenos Aires :
Vicens Vives,
2014.
|
| Series: | Cucaña / Francisco Antón ;
7 |
| Materias: | |
| Etiquetas: |
Agregar Etiqueta
Sin Etiquetas, Sea el primero en etiquetar este registro!
|
| LEADER | 00758nam a22002295a 4500 | ||
|---|---|---|---|
| 001 | CEM.cems019543 | ||
| 008 | 220914s2014####ag############000#0#und#d | ||
| 005 | 20220914092634.0 | ||
| 245 | 1 | 0 | |a El ojo de cristal / |c Cornell Woolrich ; traducido por Jordi Arbonés; ilustrado por August Tharrats. |
| 260 | |a Buenos Aires : |b Vicens Vives, |c 2014. | ||
| 300 | |a 80 p. | ||
| 490 | 1 | |a Cucaña / Francisco Antón ; |v 7 | |
| 020 | |a 9789871291670 | ||
| 100 | 1 | |a Woolrich, Cornell. | |
| 700 | 1 | |a Tharrats, August; il. | |
| 700 | 1 | |a Arbonés, Jordi; trad. | |
| 653 | |a Literatura | ||
| 653 | |a Literatura estadounidense | ||
| 653 | |a Cuentos | ||
| 653 | |a Cuentos Policiales | ||
| 653 | |a Literatura Juvenil | ||
| 859 | |a CEMS |b BIB. CEMS - Inicial y Primaria |h 818.3 |i W886 |p 5680 |t Ej.1 | ||
